000 00496nam a2200181Ia 4500
003 GCL
008 140319s9999 xx 000 0 aRus d
040 _aGCL /
_cGCL
082 0 4 _a822.9
_bW D
100 1 _aWONDOR, MICHENE
245 1 0 _aDRAMA TODAY: A CRITICAL GUIDE TO BRITISH DRAMA 1970-1990 /
_cWONDOR, MICHENE
260 _a[S.N] :
_bLONGMAN ،
_c1993
300 _a81P
650 0 4 _aENGLISH LITERATURE
650 0 4 _aHISTORY AND CRITICISM
650 0 4 _aENGLISH DRAMA
942 _2ddc
_cBK
999 _c11154
_d11154